000 01027cam a22002894a 4500
001 13222385
003 OSt
005 20150720144055.0
008 030603s2004 dcua b 001 0 eng
010 _a 2003052466
020 _a1591470706
040 _aSEKU
042 _apcc
050 0 0 _aRC 1045.P7
_bB5 2004
100 1 _aBlanchard, Edward B.
245 1 0 _aAfter the crash :
_bpsychological assessment and treatment of survivors of motor vehicle accidents /
_cEdward B. Blanchard and Edward J. Hickling.
250 _a2nd ed.
260 _aWashington, DC :
_bAmerican Psychological Association,
_cc2004.
300 _axvii, 475 p. :
_bill. ;
_c26 cm.
504 _aIncludes bibliographical references (p. 437-455) and indexes.
650 0 _aTraffic accident victims.
650 0 _aTraffic accidents
_xPsychological aspects.
650 0 _aPost-traumatic stress disorder.
700 1 _aHickling, Edward J.
856 4 1 _3Table of contents
_uhttp://www.loc.gov/catdir/toc/fy043/2003052466.html
942 _2lcc
_cGEN
999 _c6405
_d6405